[Event "International chess holiday K11"]
[Site "?"]
[Date "2019.07.22"]
[Round "3"]
[White "Ekberg, Karl"]
[Black "Pribyl, Jaroslav"]
[Result "1/2-1/2"]
[WhiteElo "1868"]
[BlackElo "1926"]
[Annotator "Doe,John"]
[PlyCount "103"]

1. d4 Nf6 2. c4 c5 3. d5 b5 4. cxb5 a6 5. f3 d6 6. e4 g6 7. Na3 Bg7 8.
Ne2 axb5 9. Nxb5 O-O 10. Nec3 Nbd7 11. Be2 Ne8 12. O-O Nc7 13. Qc2 Ba6 14. Be3
Qb8 15. a4 Bb7 16. Nxc7 Qxc7 17. Nb5 Qd8 18. Bd2 f5 19. Bc3 Nf6 20. Rae1 Bc8
21. b3 Qb6 22. Bc4 Bd7 23. Kh1 fxe4 24. fxe4 Ng4 25. Bxg7 Kxg7 26. Qd2 Rf6 27.
Rxf6 exf6 28. Na3 Ne5 29. Qe3 Qb4 30. Nc2 Nxc4 31. Qd3 Ne5 32. Nxb4 Nxd3 33.
Nxd3 Rb8 34. Nc1 Rb4 35. Kg1 c4 36. bxc4 Rxa4 37. c5 dxc5 38. Kf2 c4 39. Ke3
Bb5 40. Kd4 Kf7 41. e5 fxe5+ 42. Rxe5 c3+ 43. Kxc3 Rc4+ 44. Kd2 Rd4+ 45. Ke3
Rd1 46. Ne2 Kf6 47. Re6+ Kf7 48. Nd4 Bc4 49. Rd6 Ke7 50. Rc6 Bxd5 51. Rc7+ Kf6
52. Rxh7 1/2-1/2

[Event "International chess holiday M11"]
[Site "?"]
[Date "2019.07.23"]
[Round "4"]
[White "Kalisky, Vladimir"]
[Black "Houska, Jiri"]
[Result "1-0"]
[WhiteElo "2202"]
[BlackElo "2169"]
[Annotator "Doe,John"]
[PlyCount "71"]

1. g3 c5 2. Bg2 Nc6 3. Nf3 g6 4. O-O Bg7 5. c4 e5 6. Nc3 Nge7 7. d3 Rb8
8. Ne1 a6 9. Nc2 b5 10. Ne3 O-O 11. Ned5 d6 12. Bg5 f6 13. Bd2 Be6 14. Qc1 Qd7
15. Re1 Bh3 16. Nxe7+ Nxe7 17. Bh1 h5 18. b3 h4 19. cxb5 axb5 20. a4 b4 21. Nd5
hxg3 22. hxg3 f5 23. Qc4 Nxd5 24. Bxd5+ Rf7 25. Kh2 Bg4 26. f3 Bh5 27. Bg5 Kf8
28. a5 Bf6 29. Bxf7 Bxg5 30. Bd5 f4 31. a6 Bxf3 32. exf3 Kg7 33. Kg2 Rh8 34.
Rh1 Rxh1 35. Rxh1 fxg3 36. Bg8 1-0

[Event "International chess holiday M11"]
[Site "?"]
[Date "2019.07.23"]
[Round "4"]
[White "Morling, Joakim"]
[Black "Schaefer, Martin"]
[Result "0-1"]
[WhiteElo "2081"]
[BlackElo "2011"]
[Annotator "Doe,John"]
[PlyCount "66"]

1. d4 f5 2. Nf3 d6 3. g3 g6 4. b3 Bg7 5. Bb2 Nf6 6. Bg2 O-O 7. O-O Ne4
8. c4 Nc6 9. Nbd2 e5 10. dxe5 Nxd2 11. Qxd2 dxe5 12. Qd5+ Kh8 13. Rad1 Qe7 14.
Qb5 e4 15. Nd4 Ne5 16. c5 a6 17. Qa5 Rb8 18. c6 b6 19. Qa3 Qxa3 20. Bxa3 Re8
21. f3 a5 22. fxe4 fxe4 23. Bxe4 Bh3 24. Bd5 Bxf1 25. Kxf1 Ng4 26. Nc2 Nxh2+
27. Kg2 Ng4 28. Kf3 Nh2+ 29. Kf2 Rbd8 30. Ne3 Re5 31. Rd4 Rde8 32. Rd3 Rxe3 33.
Rxe3 Ng4+ 0-1

[Event "International chess holiday M11"]
[Site "?"]
[Date "2019.07.23"]
[Round "4"]
[White "Hartwig, Maik"]
[Black "Hogeman, Joel"]
[Result "1/2-1/2"]
[WhiteElo "2100"]
[BlackElo "2140"]
[Annotator "Doe,John"]
[PlyCount "78"]

1. d4 Nf6 2. c4 e6 3. Nc3 Bb4 4. e3 c5 5. Nge2 cxd4 6. exd4 d5 7. c5
O-O 8. a3 Ba5 9. g3 Nc6 10. b4 Bc7 11. f4 b6 12. Bg2 bxc5 13. dxc5 Rb8 14. O-O
Qd7 15. Qd3 a6 16. Bb2 Rd8 17. Rad1 Qe7 18. Nd4 Nxd4 19. Qxd4 Bd7 20. Rfe1 Qf8
21. a4 Bc6 22. Bf1 Ne4 23. Nxe4 dxe4 24. Qc3 Rxd1 25. Rxd1 Bxa4 26. Re1 a5 27.
bxa5 Rb3 28. Qd4 Bc6 29. a6 Bd8 30. Qf2 Be7 31. Bd4 Ra3 32. Rc1 Bd5 33. Qb2 Rb3
34. Qf2 Qa8 35. Be3 Bf6 36. Rc2 Rb1 37. Rc1 Rb2 38. Rc2 Rb1 39. Rc1 Rb2 1/2-1/2

[Event "International chess holiday M11"]
[Site "?"]
[Date "2019.07.23"]
[Round "4"]
[White "Reichmann, Steffen"]
[Black "Henztgen, Thomas"]
[Result "0-1"]
[WhiteElo "1986"]
[BlackElo "2004"]
[Annotator "Doe,John"]
[PlyCount "94"]

1. e4 e6 2. Nf3 d5 3. e5 c5 4. b4 cxb4 5. a3 Nc6 6. axb4 Bxb4 7. c3 Be7
8. d4 h5 9. Bd3 h4 10. h3 Rb8 11. Na3 a6 12. O-O b5 13. Nc2 Nh6 14. Bxh6 Rxh6
15. Nh2 f5 16. exf6 gxf6 17. Qg4 f5 18. Qe2 Qc7 19. Qe3 Rh8 20. f4 Rg8 21. Rae1
Na5 22. Qf3 Rh8 23. Nb4 Qd6 24. Re2 Kf7 25. Rfe1 Bf6 26. Nf1 Nc4 27. Ne3 Nxe3
28. Qxe3 a5 29. Nc2 b4 30. cxb4 axb4 31. Rb1 b3 32. Ne1 Rb4 33. Nf3 Qb6 34.
Ne5+ Kg7 35. Kh1 Qxd4 36. Qxd4 Rxd4 37. Rxb3 Bxe5 38. fxe5 Kg6 39. Rc2 Bd7 40.
Rc7 Ba4 41. Ra3 Rb8 42. Re7 Rb6 43. Rc3 Kg5 44. Rh7 Rb3 45. Rxb3 Bxb3 46. Be2
Bd1 47. Bb5 Re4 0-1

[Event "International chess holiday M11"]
[Site "?"]
[Date "2019.07.23"]
[Round "4"]
[White "Vetrovsky, Michal"]
[Black "Lokander, Martin"]
[Result "0-1"]
[WhiteElo "2095"]
[BlackElo "2397"]
[Annotator "Doe,John"]
[PlyCount "128"]

1. d4 g6 2. Bf4 Bg7 3. e3 d6 4. Nf3 Nd7 5. c3 e5 6. Bg5 f6 7. Bh4 Nh6
8. Qb3 Qe7 9. Bg3 Nf5 10. dxe5 dxe5 11. e4 Nd6 12. Nbd2 Nc5 13. Qd5 Ne6 14. Nc4
Nf7 15. Ne3 O-O 16. Qb3 c6 17. Qc2 a5 18. Be2 Nc5 19. O-O Nd6 20. Nc4 Ndxe4 21.
Nb6 Bf5 22. Qc1 Rad8 23. Nc4 Qc7 24. Rd1 b5 25. Ne3 Bh6 26. Rxd8 Rxd8 27. Qe1
Nxg3 28. hxg3 Bxe3 29. fxe3 Qa7 30. Rd1 Rxd1 31. Qxd1 Ne4 32. Qd8+ Kg7 33. Kh2
g5 34. Bd3 Bg6 35. Bxe4 Bxe4 36. Nxe5 fxe5 37. Qxg5+ Bg6 38. Qxe5+ Kf7 39. a4
bxa4 40. Qf4+ Ke6 41. Qxa4 Qc5 42. Qg4+ Kd6 43. Qf4+ Qe5 44. Qf8+ Kd5 45. Qg8+
Ke4 46. Qc4+ Kxe3 47. Qxc6 Be4 48. Qb6+ Kd2 49. Qf2+ Kd3 50. Qf1+ Kc2 51. Qe2+
Kb3 52. c4 Qd4 53. c5 Bc6 54. Kh3 a4 55. g4 Qxc5 56. Kh4 Bb5 57. Qd2 Qe5 58.
Qa5 Kxb2 59. Qd2+ Kb3 60. Qd1+ Kb4 61. Qb1+ Ka5 62. Qc1 Qe7+ 63. g5 a3 64. Qd2+
Qb4+ 0-1

[Event "International chess holiday K11"]
[Site "?"]
[Date "2019.07.23"]
[Round "4"]
[White "Thomasson, Staffan"]
[Black "Sniegon, Adam"]
[Result "1-0"]
[WhiteElo "1876"]
[BlackElo "1809"]
[Annotator "Doe,John"]
[PlyCount "68"]

1. d4 d5 2. Nf3 Nf6 3. Bf4 c5 4. e3 Nc6 5. h3 Bf5 6. c3 Qb6 7. Qb3 c4
8. Qxb6 axb6 9. Nbd2 e6 10. Nh4 Bg6 11. Nxg6 hxg6 12. Be2 Kd7 13. e4 b5 14. e5
Ne8 15. O-O Nc7 16. b4 Be7 17. a3 Ra7 18. Be3 Na8 19. Ra2 Nb6 20. Nb1 Rha8 21.
Rc2 Ke8 22. f4 Kd7 23. g4 Rf8 24. f5 gxf5 25. gxf5 Raa8 26. Bg4 Rg8 27. Rcf2
Raf8 28. Kg2 Nd8 29. h4 Bxh4 30. fxe6+ Nxe6 31. Rxf7+ Be7 32. Bg5 Rxf7 33. Rxf7
Re8 34. Rxg7 Nc8 1-0

[Event "International chess holiday K11"]
[Site "?"]
[Date "2019.07.23"]
[Round "4"]
[White "Husa, Daniel"]
[Black "Hadzala, Daniel"]
[Result "0-1"]
[WhiteElo "1784"]
[BlackElo "2049"]
[Annotator "Doe,John"]
[PlyCount "154"]

1. d4 Nf6 2. c4 d6 3. Nf3 Nbd7 4. g3 e5 5. Nc3 Be7 6. Bg2 c6 7. O-O O-O
8. e4 Re8 9. b3 Bf8 10. Bb2 exd4 11. Nxd4 Nc5 12. Qc2 a5 13. h3 Qb6 14. Rad1 a4
15. Bc1 axb3 16. axb3 Nfd7 17. Kh2 Nb8 18. Be3 Nba6 19. Ra1 Nb4 20. Qe2 Rxa1
21. Rxa1 g6 22. Rb1 Qa5 23. Nc2 Bg7 24. Nxb4 Qxb4 25. Na2 Qa3 26. Bc1 Qa6 27.
Nb4 Qb6 28. Nc2 f5 29. Be3 Qc7 30. exf5 Bxf5 31. b4 Na4 32. Rb3 Qf7 33. Bf1 d5
34. cxd5 Nc3 35. Qd2 Nxd5 36. Bc4 Be6 37. Rd3 Qf5 38. Nd4 Qxh3+ 39. Kg1 Bf7 40.
Bb3 Ra8 41. Qd1 Be5 42. Qf3 Ra1+ 43. Rd1 Rxd1+ 44. Bxd1 Nxb4 45. Bb3 Bxb3 46.
Nxb3 Qf5 47. Qd1 Qd3 48. Qxd3 Nxd3 49. Na5 b5 50. Nxc6 b4 51. Na5 Kf7 52. Kf1
Bc7 53. Nb3 Ke6 54. Ke2 Ne5 55. Bc5 Bd6 56. Bxd6 Kxd6 57. f4 Nd7 58. Nd4 Kd5
59. Ke3 h5 60. f5 g5 61. Nf3 g4 62. Nd2 Ke5 63. Kd3 Nb6 64. Kc2 Kxf5 65. Kb3
Nd5 66. Kc4 Nf6 67. Kxb4 Ne4 68. Nf1 Ng5 69. Kc3 Ke4 70. Kd2 Kf3 71. Kd3 Ne4
72. Nh2+ Kxg3 73. Nf1+ Kf2 74. Ne3 Ng5 75. Nf5 g3 76. Nh4 Nf3 77. Nf5 g2 0-1

[Event "International chess holiday K11"]
[Site "?"]
[Date "2019.07.23"]
[Round "4"]
[White "Nentvich, Libor"]
[Black "Ekberg, Karl"]
[Result "0-1"]
[WhiteElo "1839"]
[BlackElo "1868"]
[Annotator "Doe,John"]
[PlyCount "102"]

1. e4 c6 2. d4 d5 3. exd5 cxd5 4. c4 Nf6 5. Nc3 Nc6 6. Nf3 Bg4 7. cxd5
Nxd5 8. Qb3 Bxf3 9. gxf3 e6 10. Qxb7 Nxd4 11. Bb5+ Nxb5 12. Qc6+ Ke7 13. Qc5+
Nd6 14. Nxd5+ exd5 15. Qxd5 Rb8 16. O-O Kd7 17. Bf4 Qf6 18. Rac1 Rb6 19. Qc5
Qxf4 20. Rfe1 Qxc1 21. Rxc1 h5 22. Qc7+ Ke6 23. Re1+ Kf6 24. Qd8+ Kg6 25. Re5
f6 26. Re6 h4 27. h3 Nf7 28. Qd3+ Kh6 29. Re8 Bd6 30. Re4 g5 31. Qd2 Kg7 32.
Kg2 Rhb8 33. b3 Be5 34. Rc4 Rd8 35. Qc2 Rbd6 36. Qe4 R6d7 37. Rc2 Rd4 38. Qe2
R8d7 39. Qb5 R4d5 40. Qe2 Nd6 41. Qa6 Nf5 42. Qc8 Nd4 43. Rd2 Rc7 44. Qe8 Rdd7
45. Qh5 Bf4 46. Rd3 Rc8 47. Qg4 f5 48. Rxd4 Rxd4 49. Qxf5 Rc7 50. Qe6 Rd2 51.
a4 Bg3 0-1

[Event "International chess holiday K11"]
[Site "?"]
[Date "2019.07.23"]
[Round "4"]
[White "Hejsek, Lukas"]
[Black "Pribyl, Jaroslav"]
[Result "0-1"]
[WhiteElo "1885"]
[BlackElo "1926"]
[Annotator "Doe,John"]
[PlyCount "104"]

1. d4 Nf6 2. Nf3 d5 3. g3 g6 4. Bg2 Bg7 5. O-O O-O 6. c4 c6 7. Qb3 Nbd7
8. cxd5 cxd5 9. Nc3 e6 10. Bf4 a6 11. Rac1 b5 12. a4 Qb6 13. Qb4 bxa4 14. Bd6
Re8 15. Nxa4 Qxb4 16. Bxb4 Ne4 17. Ba5 Rb8 18. Rc7 Bf8 19. Rfc1 Bd6 20. R7c2
Bb7 21. Bc7 Rbc8 22. Bxd6 Nxd6 23. Rxc8 Rxc8 24. Rxc8+ Nxc8 25. Kf1 Kf8 26. Ke1
Ke7 27. Kd1 Bc6 28. Nc3 Ncb6 29. Kc2 Nc4 30. e3 h6 31. Bf1 Bb5 32. Nxb5 axb5
33. b3 Nd6 34. Bd3 g5 35. Ne5 Nb8 36. f4 f6 37. Nf3 Nc6 38. Kc3 g4 39. Nd2 e5
40. fxe5 fxe5 41. dxe5 b4+ 42. Kc2 Nxe5 43. Nf1 Ke6 44. Kd2 Nxd3 45. Kxd3 Ke5
46. Nd2 Nb7 47. Ke2 Nc5 48. Kd1 Ne4 49. Nb1 d4 50. exd4+ Kxd4 51. Ke1 Kd3 52.
Kf1 Kc2 0-1

[Event "International chess holiday M11"]
[Site "?"]
[Date "2019.07.23"]
[Round "5"]
[White "Houska, Jiri"]
[Black "Hartwig, Maik"]
[Result "1/2-1/2"]
[WhiteElo "2169"]
[BlackElo "2100"]
[Annotator "Doe,John"]
[PlyCount "78"]

1. e4 g6 2. d4 Bg7 3. Nc3 d6 4. Be3 Nf6 5. Qd2 Ng4 6. Bg5 h6 7. Bh4 c6
8. h3 Nf6 9. O-O-O Qa5 10. e5 dxe5 11. dxe5 Nfd7 12. f4 g5 13. fxg5 Nxe5 14.
Kb1 Be6 15. gxh6 Rxh6 16. Bxe7 Bxa2+ 17. Nxa2 Qxd2 18. Rxd2 Kxe7 19. Be2 Nbd7
20. Nf3 Nxf3 21. Bxf3 Ne5 22. Be2 Rf6 23. Rf1 Rxf1+ 24. Bxf1 f5 25. Nc1 Bh6 26.
Rf2 Bxc1 27. Kxc1 Ke6 28. Kd2 a5 29. Ke3 a4 30. Bd3 Nxd3 31. Kxd3 a3 32. bxa3
Rxa3+ 33. Kd4 b6 34. c3 Ra4+ 35. Kd3 b5 36. Rb2 Ra1 37. Re2+ Kd5 38. Rf2 Ke5
39. Re2+ Kd5 1/2-1/2

[Event "International chess holiday M11"]
[Site "?"]
[Date "2019.07.23"]
[Round "5"]
[White "Henztgen, Thomas"]
[Black "Morling, Joakim"]
[Result "0-1"]
[WhiteElo "2004"]
[BlackElo "2081"]
[Annotator "Doe,John"]
[PlyCount "66"]

1. b3 {[%emt 0:00:07]} e5 2. Bb2 Nc6 3. e3 Nf6 4. Bb5 d6 5. d4 exd4 6.
Qxd4 Bd7 7. Qd2 d5 8. a3 Bd6 9. Nc3 Ne7 10. Bd3 O-O 11. Nge2 c6 12. h3 Ng6 13.
Nd4 Nh4 14. g3 c5 15. gxh4 cxd4 16. exd4 Re8+ 17. Kd1 Qb8 18. Qg5 Bf4 19. Qg2
Qd6 20. Rg1 g6 21. Qf3 Rac8 22. Ne2 Rxe2 23. Bxe2 Bf5 24. Bd3 Ne4 25. c4 Nxf2+
26. Qxf2 Bxd3 27. c5 Qe6 28. Re1 Qf5 29. Bc1 Qh5+ 30. Re2 Bxc1 31. Rxc1 Re8 32.
Rcc2 Bxc2+ 33. Kd2 Rxe2+ 0-1

[Event "International chess holiday M11"]
[Site "?"]
[Date "2019.07.23"]
[Round "5"]
[White "Lokander, Martin"]
[Black "Reichmann, Steffen"]
[Result "1-0"]
[WhiteElo "2397"]
[BlackElo "1986"]
[Annotator "Doe,John"]
[PlyCount "115"]

1. d4 Nf6 2. c4 e5 3. dxe5 Ng4 4. e3 Nxe5 5. Nc3 Bb4 6. Bd2 d6 7. a3
Ba5 8. f4 Ng4 9. Bd3 O-O 10. Nf3 Re8 11. O-O Bb6 12. Nd5 c6 13. Nxb6 Qxb6 14.
Qc1 Na6 15. b4 c5 16. b5 Nc7 17. e4 d5 18. e5 dxc4 19. Bxc4 Be6 20. a4 Nd5 21.
a5 Qd8 22. h3 Nh6 23. g4 Qd7 24. f5 Nxf5 25. gxf5 Bxf5 26. Ng5 Rxe5 27. Ra3 h6
28. Nf3 Re6 29. Nh4 Be4 30. Rg3 Qd6 31. Kh2 Rae8 32. Rf2 Re5 33. Bxh6 Rh5 34.
Bf4 Qf6 35. Bxd5 Bxd5 36. Ng2 b6 37. axb6 axb6 38. Qd1 Rf5 39. Bg5 Qe5 40. Rxf5
Qxf5 41. Nf4 Bb7 42. Bh6 g6 43. Ng2 Kh7 44. Bc1 Qf2 45. Qg1 Qc2 46. Re3 Rd8 47.
Qf1 Rd7 48. Re2 Qd3 49. Bb2 Bf3 50. Re8 g5 51. Qf2 Qd1 52. Bc3 Rd3 53. Re3 f5
54. Qa2 Rd7 55. Re8 Qd6+ 56. Be5 Qd1 57. Qg8+ Kh6 58. Re6+ 1-0

[Event "International chess holiday M11"]
[Site "?"]
[Date "2019.07.23"]
[Round "5"]
[White "Hogeman, Joel"]
[Black "Vetrovsky, Michal"]
[Result "1-0"]
[WhiteElo "2140"]
[BlackElo "2095"]
[Annotator "Doe,John"]
[PlyCount "121"]

1. e4 c6 2. d4 d5 3. e5 Bf5 4. Nf3 e6 5. Be2 Nd7 6. O-O Ne7 7. Nbd2 Ng6
8. Nb3 Be7 9. Ne1 Nh4 10. g3 Bh3 11. gxh4 Bxf1 12. Bxf1 Bxh4 13. Qg4 Kf8 14.
Nf3 Be7 15. Bd3 h6 16. Be3 g5 17. Qh5 g4 18. Bxh6+ Ke8 19. Ng5 Bxg5 20. Qxg5
Qxg5 21. Bxg5 Rh5 22. Bf4 Ke7 23. Kh1 Rg8 24. Rg1 f5 25. f3 Rh4 26. fxg4 Rhxg4
27. Rxg4 Rxg4 28. Be3 Nf8 29. Nd2 Nh7 30. Be2 Rg8 31. h4 Rg3 32. Bf2 Rg8 33.
Kh2 Nf8 34. Be3 Ng6 35. Bg5+ Kd7 36. Nf3 c5 37. dxc5 a6 38. Kg3 Kc7 39. Kf2 Rh8
40. Kg3 Rg8 41. Kh3 Rh8 42. b4 Kd7 43. Kg3 Kc7 44. Kf2 Kd7 45. Ke3 Rh7 46. c4
dxc4 47. Bxc4 Rh8 48. Bf6 Rh5 49. a4 Rh7 50. b5 axb5 51. axb5 Nf8 52. Nd4 Rf7
53. c6+ bxc6 54. bxc6+ Kc7 55. Nxe6+ Nxe6 56. Bxe6 Rf8 57. Bd7 Ra8 58. Kf4 Ra1
59. Kxf5 Rf1+ 60. Ke6 Rg1 61. Kf7 1-0

[Event "International chess holiday M11"]
[Site "?"]
[Date "2019.07.23"]
[Round "5"]
[White "Schafer, Martin"]
[Black "Kalisky, Vladimir"]
[Result "0-1"]
[WhiteElo "2011"]
[BlackElo "2202"]
[Annotator "Doe,John"]
[PlyCount "77"]

1. d4 Nf6 2. c4 d6 3. f4 Bf5 4. Nf3 Nbd7 5. Nc3 h6 6. e3 e5 7. Be2 e4
8. Nh4 Bh7 9. g3 c6 10. Qb3 Qc8 11. Bd2 Be7 12. O-O-O a6 13. Kb1 b5 14. Rc1 Qb8
15. Rhg1 Nb6 16. g4 d5 17. cxd5 g5 18. Nf5 Bxf5 19. gxf5 cxd5 20. Rcf1 Bd6 21.
fxg5 hxg5 22. Rf2 g4 23. Bxg4 Nc4 24. Bc1 Rxh2 25. Qc2 Ke7 26. Bd1 Qh8 27. Rg5
Rc8 28. Qe2 Na3+ 29. Ka1 b4 30. bxa3 bxc3 31. Rxh2 Bxh2 32. Qxa6 c2 33. Be2 Bd6
34. Rg1 Rc3 35. a4 Qh2 36. Re1 Bb4 37. Bb2 Qd6 38. Qxd6+ Kxd6 39. a3 necitelné 0-1

[Event "International chess holiday K11"]
[Site "?"]
[Date "2019.07.23"]
[Round "5"]
[White "Sniegon, Adam"]
[Black "Husa, Daniel"]
[Result "0-1"]
[WhiteElo "1809"]
[BlackElo "1784"]
[Annotator "Doe,John"]
[PlyCount "56"]

1. d4 Nf6 2. c4 g6 3. Nc3 d5 4. Nf3 Bg7 5. Bg5 Ne4 6. Bh4 Nxc3 7. bxc3
O-O 8. e3 dxc4 9. Bxc4 c5 10. O-O Nc6 11. Qc2 Qc7 12. Rac1 Bd7 13. Rfd1 Rac8
14. Bg3 Qa5 15. Rb1 cxd4 16. exd4 Bf5 17. Qd2 Bxb1 18. Rxb1 Qd8 19. Bf4 e5 20.
Bh6 exd4 21. Qf4 Qc7 22. Qh4 dxc3 23. Ng5 Qe5 24. Nxf7 Rxf7 25. Bxg7 c2 26.
Bxf7+ Kxg7 27. Bxg6 cxb1=Q+ 28. Bxb1 Qe1# 0-1

[Event "International chess holiday K11"]
[Site "?"]
[Date "2019.07.23"]
[Round "5"]
[White "Ekberg, Karl"]
[Black "Spindler, Markus"]
[Result "0-1"]
[WhiteElo "1868"]
[BlackElo "1972"]
[Annotator "Doe,John"]
[PlyCount "64"]

1. d4 f5 2. Bg5 Nf6 3. Bxf6 exf6 4. e3 d5 5. c4 c6 6. Nc3 Be6 7. cxd5
Bxd5 8. Nxd5 Qxd5 9. Ne2 Nd7 10. Nc3 Bb4 11. a3 Bxc3+ 12. bxc3 Nb6 13. Qd3
O-O-O 14. f3 Rhe8 15. Be2 Re7 16. Kf2 Rde8 17. Rhe1 Qe6 18. Bf1 Nd5 19. e4 fxe4
20. Rxe4 Qd6 21. g3 f5 22. Bh3 g6 23. c4 Nf6 24. Rxe7 Qxe7 25. Rb1 Rd8 26. Bf1
Qd6 27. Rd1 Kb8 28. Qc3 g5 29. c5 Nd5 30. Qd3 Qh6 31. Qxf5 Qxh2+ 32. Bg2 Qxg2+
0-1

[Event "International chess holiday K11"]
[Site "?"]
[Date "2019.07.23"]
[Round "5"]
[White "Pribyl, Jaroslav"]
[Black "Nentvich, Libor"]
[Result "0-1"]
[WhiteElo "1926"]
[BlackElo "1839"]
[Annotator "Doe,John"]
[PlyCount "60"]

1. d4 Nf6 2. Nc3 d5 3. e4 Nxe4 4. Nxe4 dxe4 5. Be3 Nc6 6. f3 e5 7. dxe5
Qxd1+ 8. Rxd1 Nxe5 9. fxe4 Bg4 10. Be2 Bd6 11. Nf3 Nxf3+ 12. gxf3 Be6 13. f4 f6
14. Kf2 g6 15. h4 O-O-O 16. Kf3 a6 17. a3 Be7 18. Bd3 f5 19. c3 Rxd3 20. Rxd3
fxe4+ 21. Kxe4 Bf5+ 22. Ke5 Bxd3 23. Ke6 Bxa3 24. Bd4 Bc4+ 25. Kf6 Rf8+ 26. Kg7
Rf7+ 27. Kh6 Bf8+ 28. Kg5 Be2 29. Bf6 Bg7 30. Bxg7 Rf5+ 0-1

[Event "International chess holiday K11"]
[Site "?"]
[Date "2019.07.23"]
[Round "5"]
[White "Hadzala, Daniel"]
[Black "Hejsek, Lukas"]
[Result "1/2-1/2"]
[WhiteElo "2049"]
[BlackElo "1885"]
[Annotator "Doe,John"]
[PlyCount "85"]

1. Nf3 Nf6 2. c4 c5 3. g3 g6 4. Bg2 Bg7 5. Nc3 O-O 6. O-O Nc6 7. d3 d5
8. cxd5 Nxd5 9. Bd2 Nc7 10. Qa4 Bd7 11. Qh4 e5 12. Bg5 f6 13. Be3 Nd4 14. g4
Bc6 15. Nd2 Bxg2 16. Kxg2 Nce6 17. Rac1 f5 18. Qxd8 Raxd8 19. f3 Rd7 20. h3
Rfd8 21. Rfe1 Bf6 22. a4 Bh4 23. Rf1 b6 24. Nc4 Bf6 25. Rh1 Nc6 26. h4 h5 27.
Kh3 hxg4+ 28. fxg4 Rh7 29. gxf5 Rxh4+ 30. Kg3 Rxh1 31. Rxh1 gxf5 32. Kf2 Kg7
33. a5 Nxa5 34. Nxa5 bxa5 35. Ra1 Rd7 36. Rxa5 Rb7 37. Na4 Be7 38. Nxc5 Nxc5
39. Bxc5 Bxc5+ 40. Rxc5 Kf6 41. Ra5 Rxb2 42. Rxa7 Rc2 43. Ra6+ 1/2-1/2

[Event "International chess holiday K11"]
[Site "?"]
[Date "2019.07.23"]
[Round "5"]
[White "Pokorny, Jan"]
[Black "Thomasson, Staffan"]
[Result "1-0"]
[WhiteElo "1882"]
[BlackElo "1876"]
[Annotator "Doe,John"]
[PlyCount "103"]

1. e4 d5 2. exd5 Qxd5 3. Nc3 Qd6 4. Nf3 Nf6 5. Be2 a6 6. d3 Nc6 7. Bg5
e5 8. Nd2 Be7 9. Nce4 Nxe4 10. Bxe7 Nxf2 11. Bxd6 Nxd1 12. Bxd1 cxd6 13. O-O d5
14. c4 d4 15. a3 O-O 16. Bf3 Bd7 17. b4 b6 18. Rad1 Rab8 19. Ne4 Ne7 20. g4 f5
21. gxf5 Nxf5 22. Ra1 Ne3 23. Rf2 Rf4 24. c5 b5 25. Be2 Rxf2 26. Nxf2 Bc6 27.
Ng4 Nxg4 28. Bxg4 g6 29. Rf1 Re8 30. Rf6 Bd5 31. Rd6 Bc4 32. dxc4 bxc4 33. c6
c3 34. Bd1 Kg7 35. Kf2 Kh6 36. Ke2 Kg5 37. Rd7 Rc8 38. c7 h5 39. Kd3 Kf6 40.
Bb3 g5 41. Ke4 g4 42. Kd3 h4 43. Rf7+ Kg6 44. Be6 e4+ 45. Kc2 g3 46. hxg3 hxg3
47. Bxc8 g2 48. Bf5+ Kxf7 49. c8=Q g1=Q 50. Qe6+ Kf8 51. Qf6+ Ke8 52. Qg6+ 1-0

[Event "International chess holiday M11"]
[Site "?"]
[Date "2019.07.24"]
[Round "6"]
[White "Kalisky, Vladimir"]
[Black "Hentzgen, Thomas"]
[Result "1-0"]
[WhiteElo "2202"]
[BlackElo "2004"]
[Annotator "Doe,John"]
[PlyCount "85"]

1. d4 e6 2. Nf3 c5 3. e3 Nf6 4. Bd3 Nc6 5. O-O Be7 6. a3 b6 7. c3 d6 8.
e4 Qc7 9. Re1 Bb7 10. b4 Rd8 11. Bg5 O-O 12. Nbd2 h6 13. Bh4 a6 14. Bg3 Nh5 15.
d5 exd5 16. exd5 Nb8 17. bxc5 bxc5 18. Qb3 Nxg3 19. hxg3 Rfe8 20. Rab1 Ba8 21.
Nh2 Bf8 22. Rxe8 Rxe8 23. Nhf1 Qa7 24. Ne3 Nd7 25. Qa4 Nf6 26. Bb5 Rxe3 27.
fxe3 Nxd5 28. Qxa6 Qxa6 29. Bxa6 Nxc3 30. Rb8 Bc6 31. Kf2 f5 32. Bc8 g6 33. g4
fxg4 34. Bxg4 Kf7 35. Bf3 d5 36. Rb3 Ne4+ 37. Bxe4 dxe4 38. Rb6 Bd5 39. a4 g5
40. a5 Ke7 41. a6 Kd7 42. Rb8 Bd6 43. a7 1-0

[Event "International chess holiday M11"]
[Site "?"]
[Date "2019.07.24"]
[Round "6"]
[White "Reichmann, Steffen"]
[Black "Morling, Joakim"]
[Result "0-1"]
[WhiteElo "1986"]
[BlackElo "2081"]
[Annotator "Doe,John"]
[PlyCount "50"]

1. e4 e6 2. d4 d5 3. e5 c5 4. c3 Nc6 5. Nf3 Bd7 6. Be2 f6 7. exf6 Nxf6
8. O-O cxd4 9. Nxd4 e5 10. Re1 Bd6 11. Nb5 Bc5 12. Bf3 Qb6 13. Qe2 O-O 14. b4
Nxb4 15. cxb4 Bxb4 16. N5c3 e4 17. Be3 exf3 18. gxf3 Qa5 19. Bd4 Rac8 20. Qd2
Nh5 21. a3 Bd6 22. Kg2 Qd8 23. Nxd5 Qh4 24. Nbc3 Qh3+ 25. Kg1 Bxh2+ 0-1

[Event "International chess holiday M11"]
[Site "?"]
[Date "2019.07.24"]
[Round "6"]
[White "Vetrovsky, Michal"]
[Black "Houska, Jiri"]
[Result "1/2-1/2"]
[WhiteElo "2095"]
[BlackElo "2169"]
[Annotator "Doe,John"]
[PlyCount "75"]

1. Nf3 Nf6 2. g3 c5 3. c4 Nc6 4. Nc3 g6 5. Bg2 Bg7 6. O-O O-O 7. d4
cxd4 8. Nxd4 Nxd4 9. Qxd4 d6 10. Qd2 Rb8 11. b3 a6 12. Bb2 b5 13. cxb5 axb5 14.
b4 Bb7 15. Nd5 Bxd5 16. Bxd5 Nxd5 17. Bxg7 Kxg7 18. Qxd5 Qd7 19. e4 Rfc8 20.
Rfc1 Qe6 21. Qxe6 fxe6 22. e5 g5 23. Kg2 g4 24. Rxc8 Rxc8 25. a4 bxa4 26. Rxa4
Rb8 27. Ra7 dxe5 28. Rxe7+ Kf6 29. Rxh7 Rxb4 30. h3 gxh3+ 31. Rxh3 e4 32. Rh5
Rb3 33. Kf1 e3 34. f3 Rb2 35. f4 Rf2+ 36. Ke1 Rg2 37. Rg5 e5 38. Rxe5 1/2-1/2

[Event "International chess holiday M11"]
[Site "?"]
[Date "2019.07.24"]
[Round "6"]
[White "Lokander, Martin"]
[Black "Hogeman, Joel"]
[Result "1/2-1/2"]
[WhiteElo "2397"]
[BlackElo "2140"]
[Annotator "Doe,John"]
[PlyCount "145"]

1. d4 Nf6 2. c4 e6 3. Nc3 Bb4 4. Qc2 O-O 5. Nf3 c5 6. dxc5 Na6 7. c6
bxc6 8. g3 d5 9. Bd2 Be7 10. Bg2 Nc5 11. Nd4 Qb6 12. O-O a5 13. Rfe1 Ba6 14. b3
Rfd8 15. Rad1 Rac8 16. Bc1 Bf8 17. Bg5 h6 18. Bc1 a4 19. Ba3 axb3 20. axb3 Nxb3
21. Nxb3 Bxa3 22. Ra1 Be7 23. c5 Bxc5 24. Nxc5 Qxc5 25. Rxa6 d4 26. Qc1 dxc3
27. Ra3 Ng4 28. e3 Rd2 29. Rxc3 Qd6 30. Rc2 Rxc2 31. Qxc2 c5 32. Rd1 Qe5 33. h3
Nf6 34. Qc4 Qc7 35. Rb1 Qd6 36. Bf3 Qe5 37. Kg2 Ne8 38. Rd1 Qc7 39. g4 Nd6 40.
Qf4 Rd8 41. Be2 Qa7 42. Bf3 Qe7 43. Qe5 Qc7 44. h4 c4 45. g5 hxg5 46. hxg5 c3
47. Rc1 Rc8 48. g6 Nf5 49. gxf7+ Kxf7 50. Qxc7+ Rxc7 51. Kf1 g5 52. Ke2 Kf6 53.
Kd3 Ke5 54. Rxc3 Rxc3+ 55. Kxc3 Nh4 56. Bb7 Nf5 57. Kd3 Nd6 58. Bc6 Nf5 59. Ke2
Nh4 60. Bb7 Kf5 61. Kf1 g4 62. Kg1 Kg5 63. Bc8 Kf6 64. Kh2 Nf5 65. Kg2 g3 66.
fxg3 Nxe3+ 67. Kf3 Nf5 68. g4 Nh4+ 69. Kf4 Ng6+ 70. Ke4 Ne5 71. g5+ Kxg5 72.
Kxe5 Kg4 73. Bxe6+ 1/2-1/2

[Event "International chess holiday M11"]
[Site "?"]
[Date "2019.07.24"]
[Round "6"]
[White "Hartwig, Maik"]
[Black "Schaefer, Martin"]
[Result "1-0"]
[WhiteElo "2100"]
[BlackElo "2011"]
[Annotator "Doe,John"]
[PlyCount "71"]

1. d4 f5 2. Nc3 Nf6 3. g3 g6 4. Bg2 Bg7 5. Bf4 h6 6. h4 d6 7. e4 e6 8.
e5 Nh5 9. Nf3 Nc6 10. Qe2 d5 11. Be3 Qe7 12. a3 Bd7 13. Nb5 Rc8 14. c4 a6 15.
Nc3 dxc4 16. Qxc4 Na5 17. Qd3 c5 18. g4 c4 19. Qc2 Nb3 20. Rd1 fxg4 21. Qxg6+
Qf7 22. Qxf7+ Kxf7 23. Nd2 Nxd2 24. Rxd2 Bc6 25. Bxc6 Rxc6 26. Rg1 Kg6 27.
Rxg4+ Kh7 28. f4 b5 29. Rdg2 Rf8 30. Ke2 Rc7 31. Kf3 Rcf7 32. Ne4 Rc7 33. Nd6
c3 34. Bc1 Rxf4+ 35. Rxf4 Nxf4 36. Kxf4 1-0